Statistics for Survivor: Cagayan Contestants (Final Placements)

Click here to take the quiz!

General Stats

  • This quiz has been taken 716 times
  • The average score is 15 of 18

Answer Stats

HintAnswer% Correct
WinnerTony Vlachos
95%
3rdKassandra "Kass" McQuillen
93%
4thSpencer Bledsoe
93%
Runner-UpYung "Woo" Hwang
93%
6thLaTasha "Tasha" Fox
90%
5thTrish Hegarty
87%
18thDavid Samson
84%
15thJ'Tia Taylor
84%
11thSarah Lacina
84%
14thCliff Robinson
82%
7thJefra Bland
82%
9thLJ McKanas
82%
10thMorgan McLeod
82%
17thGarrett Adelstein
80%
16thBrice Johnston
76%
8thJeremiah Wood
76%
13thLindsey Ogle
74%
12thAlexis Maxwell
71%

Score Distribution

Percentile by Number Answered

Percent of People with Each Score

Your Score History

You have not taken this quiz